Alle 13 Staatspräsidenten von Frankreich (1944 - 2024) - Statistiken

Allgemein
  • Dieses Quiz wurde 71 mal gespielt
  • Das Durchschnittsergebnis liegt bei 7 aus 14
Antwortstatistiken
Amtszeit, - dauer Partei Staatspräsident/-in % Korrekt
seit 2017 LREM Emmanuel Macron
100%
1944 - 1946 (2 Jahre) Gaullist Charles de Gaulle
95%
1959 - 1969 (10 Jahre) Gaullist (UNR) Charles de Gaulle
95%
2007 - 2012 (5 Jahre) Gaullist (UMP) Nicolas Sarkozy
87%
1981 - 1995 (14 Jahre) PS Francois Mitterrand
82%
1995 - 2007 (12 Jahre) Gaullist (UMP) Jacques Chirac
79%
2012 - 2017 (5 Jahre) PS Francois Hollande
75%
1974 - 1981 (7 Jahre) Liberal Valéry Giscard d'Estaing
56%
1969 - 1974 (5 Jahre) Gaullist (UDR) Georges Pompidou
41%
1954 - 1959 (5 Jahre) CNIP René Coty
8%
1947 - 1954 (7 Jahre) SFIO Vincent Auriol
8%
1946 - 1947 (1 Jahr) SFIO Léon Blum
7%
1946 SFIO Felix Gouin
3%
1946 MRP Georges - Augustin Bidault
2%
Keine übereinstimmenden Quizze gefunden
Verteilung der Resultate
Anzahl Personen mit jedem Resultat
Perzentil nach korrekt beantworteten Fragen
Ihre Resultats-Entwicklung
Sie haben dieses Quiz noch nicht gespielt